Technology Today and Tomorrow (Record no. 23713)

MARC details
000 -LEADER
fixed length control field 00591nam a22002057a 4500
003 - CONTROL NUMBER IDENTIFIER
control field OSt
005 - DATE AND TIME OF LATEST TRANSACTION
control field 20260609154253.0
008 - FIXED-LENGTH DATA ELEMENTS--GENERAL INFORMATION
fixed length control field 260609b |||||||| |||| 00| 0 eng d
020 ## - INTERNATIONAL STANDARD BOOK NUMBER
International Standard Book Number 0-02-658569-3
040 ## - CATALOGING SOURCE
Transcribing agency Chuka University Library
050 ## - LIBRARY OF CONGRESS CALL NUMBER
Classification number T 47 .F35 1999
100 ## - MAIN ENTRY--PERSONAL NAME
Personal name Brusic A. Sharon
9 (RLIN) 28055
245 ## - TITLE STATEMENT
Title Technology Today and Tomorrow
250 ## - EDITION STATEMENT
Edition statement 4th ED
260 ## - PUBLICATION, DISTRIBUTION, ETC.
Place of publication, distribution, etc. United States of America
Name of publisher, distributor, etc. Glencoe/McGraw-Hill
Date of publication, distribution, etc. 1999
300 ## - PHYSICAL DESCRIPTION
Extent 624P
Other physical details Illustrations and Index
700 ## - ADDED ENTRY--PERSONAL NAME
Personal name Fales F. James
9 (RLIN) 28056
700 ## - ADDED ENTRY--PERSONAL NAME
Personal name Kuetemeyer F. Vincent
9 (RLIN) 28057
942 ## - ADDED ENTRY ELEMENTS (KOHA)
Source of classification or shelving scheme Library of Congress Classification
Koha item type Long Loan Books
Suppress in OPAC No
Holdings
Withdrawn status Lost status Source of classification or shelving scheme Damaged status Not for loan Collection Home library Current library Shelving location Date acquired Source of acquisition Cost, normal purchase price Total Checkouts Full call number Barcode Date last seen Price effective from Koha item type
    Library of Congress Classification     General Collection Books Main Campus Library Main Campus Library General Stacks 10/07/2025 Donation From Books For Africa 5040.00   T 47 .F35 1999 33690/2026 09/06/2026 09/06/2026 Long Loan Books

Powered by Koha